[Event "-chT Youth Countries 2019"]
[Site "Wuerzburg"]
[Date "2019.10.03"]
[Round "3.8"]
[White "Voigt, Anastasia"]
[Black "Sereda, Yaroslava"]
[Result "0-1"]
[WhiteElo "1457"]
[BlackElo "1687"]
[Annotator "NA"]
[PlyCount "113"]
[EventDate "2019.10.02"]
[EventType "team-tourn"]
[EventRounds "7"]
[EventCountry "GER"]
[SourceTitle "playchess.com"]
[Source "ChessBase"]
[SourceQuality "1"]
[WhiteTeam "Sachsen-Anhalt"]
[BlackTeam "Nordrhein-Westfalen"]
[TimeControl "40/5400+30:1800+30"]

1. e4 {[%emt 0:00:00]} c5 {[%emt 0:00:00]} 2. Nf3 {[%emt 0:00:00]} Nc6 {[%emt 0:00:00]} 3. d4 {[%emt 0:00:00]} cxd4 {[%emt 0:00:00]} 4. Nxd4 {[%emt 0:00:00]} g6 {[%emt 0:00:02]} 5. Nc3 {[%emt 0:00:03]} Bg7 {[%emt 0:00:08]} 6. Be3 {[%emt 0:00:12]} Nf6 {[%emt 0:00:12]} 7. Bc4 {[%emt 0:00:15]} O-O {[%emt 0:00:43]} 8. Bb3 {[%emt 0:00:16]} d6 {[%emt 0:00:35]} 9. f3 {[%emt 0:01:00]} Nxd4 {[%emt 0:06:21]} 10. Bxd4 {[%emt 0:00:14]} Be6 {[%emt 0:06:24]} 11. Qd2 {[%emt 0:05:36]} a6 {[%emt 0:09:43]} 12. O-O-O {[%emt 0:03:23]} Bxb3 {[%emt 0:08:40]} 13. axb3 {[%emt 0:00:24]} Nd7 {[%emt 0:11:45]} 14. Bxg7 {[%emt 0:00:44]} Kxg7 {[%emt 0:00:10]} 15. h4 {[%emt 0:00:38]} h5 {[%emt 0:08:35]} 16. g4 {[%emt 0:00:37]} Rh8 {[%emt 0:03:26]} 17. Rdg1 {[%emt 0:01:35]} Ne5 {[%emt 0:11:15]} 18. Qf4 {[%emt 0:02:07]} Rc8 {[%emt 0:02:53]} 19. gxh5 {[%emt 0:12:29]} Rxh5 {[%emt 0:00:54]} 20. Rg5 {[%emt 0:03:28]} Qh8 {[%emt 0:02:59]} 21. Rgg1 {[%emt 0:05:34]} Qh6 {[%emt 0:03:20]} 22. Qxh6+ {[%emt 0:01:58]} Rxh6 {[%emt 0:00:14]} 23. Rh3 {[%emt 0:06:01]} Rch8 {[%emt 0:02:27]} 24. f4 {[%emt 0:03:04]} Nd7 {[%emt 0:01:02]} 25. Rgh1 {[%emt 0:01:41]} Nf6 {[%emt 0:03:09]} 26. Kd2 {[%emt 0:00:42]} Rh5 {[%emt 0:03:35]} 27. Ke3 {[%emt 0:02:19]} b5 {[%emt 0:02:12]} 28. b4 {[%emt 0:00:58]} e6 {[%emt 0:02:59]} 29. Kf3 {[%emt 0:05:04]} d5 {[%emt 0:01:34]} 30. e5 {[%emt 0:01:40]} Nd7 {[%emt 0:00:46]} 31. Ne2 {[%emt 0:01:01]} f6 {[%emt 0:01:28]} 32. exf6+ {[%emt 0:02:48]} Kxf6 {[%emt 0:00:26]} 33. Ng3 {[%emt 0:00:36]} R5h6 {[%emt 0:03:32]} 34. Kg4 {[%emt 0:03:26]} Kf7 {[%emt 0:01:45]} 35. Ra1 {[%emt 0:05:33]} Nf6+ {[%emt 0:00:31]} 36. Kf3 {[%emt 0:00:07]} Ra8 {[%emt 0:00:50]} 37. c3 {[%emt 0:01:49]} Rhh8 {[%emt 0:01:58]} 38. Rhh1 {[%emt 0:00:50]} Ra7 {[%emt 0:00:27]} 39. Ra5 {[%emt 0:00:42]} Nd7 {[%emt 0:00:56]} 40. Ne2 {[%emt 0:00:55]} e5 {[%emt 0:01:15]} 41. Kg3 {[%emt 0:31:09]} Nb8 {[%emt 0:11:56]} 42. Ra2 {[%emt 0:00:00]} e4 {[%emt 0:03:20]} 43. b3 {[%emt 0:00:00]} Rc7 {[%emt 0:00:58]} 44. Rd1 {[%emt 0:00:00]} Ke6 {[%emt 0:00:59]} 45. Kg4 {[%emt 0:00:00]} Rd8 {[%emt 0:03:36]} 46. Kg5 {[%emt 0:00:00]} Kf7 {[%emt 0:00:53]} 47. Rad2 {[%emt 0:00:00]} Rcd7 {[%emt 0:00:36]} 48. f5 {[%emt 0:00:00]} gxf5 {[%emt 0:03:32]} 49. Kxf5 {[%emt 0:00:00]} Rd6 {[%emt 0:01:51]} 50. h5 {[%emt 0:00:00]} Rf6+ {[%emt 0:04:57]} 51. Kg4 {[%emt 0:00:00]} Rg8+ {[%emt 0:00:36]} 52. Kh3 {[%emt 0:00:00]} Rf3+ {[%emt 0:00:36]} 53. Kh4 {[%emt 0:00:00]} Rf2 {[%emt 0:01:12]} 54. Rh1 {[%emt 0:00:00]} e3 {[%emt 0:00:46]} 55. Ra2 {[%emt 0:00:00]} Rgg2 {[%emt 0:00:28]} 56. Re1 {[%emt 0:01:57] normal} Nd7 {[%emt 0:01:02]} 57. h6 {[%emt 0:03:27] normal} 0-1

[Event "-chT Youth Countries 2019"]
[Site "Wuerzburg"]
[Date "2019.10.03"]
[Round "3.8"]
[White "Ulrich, Helena Irene"]
[Black "von Beckh, Frieda"]
[Result "1-0"]
[WhiteElo "1355"]
[BlackElo "1541"]
[Annotator "NA"]
[PlyCount "81"]
[EventDate "2019.10.02"]
[EventType "team-tourn"]
[EventRounds "7"]
[EventCountry "GER"]
[SourceTitle "playchess.com"]
[Source "ChessBase"]
[SourceQuality "1"]
[WhiteTeam "Thüringen"]
[BlackTeam "Hessen"]
[TimeControl "40/5400+30:1800+30"]

1. e4 {[%emt 0:00:00]} c5 {[%emt 0:00:00]} 2. Nf3 {[%emt 0:00:00]} Nc6 {[%emt 0:00:00]} 3. d4 {[%emt 0:00:00]} cxd4 {[%emt 0:00:00]} 4. Nxd4 {[%emt 0:00:00]} g6 {[%emt 0:00:02]} 5. c4 {[%emt 0:00:00]} Bg7 {[%emt 0:00:08]} 6. Be3 {[%emt 0:00:06]} Nf6 {[%emt 0:00:09]} 7. Nc3 {[%emt 0:00:09]} O-O {[%emt 0:00:19]} 8. Be2 {[%emt 0:00:13]} d6 {[%emt 0:00:34]} 9. O-O {[%emt 0:00:22]} Bd7 {[%emt 0:01:33]} 10. Qd2 {[%emt 0:01:01]} Ng4 {[%emt 0:03:31]} 11. Bxg4 {[%emt 0:05:36]} Bxg4 {[%emt 0:01:33]} 12. f3 {[%emt 0:05:29]} Bd7 {[%emt 0:01:09]} 13. Nd5 {[%emt 0:06:02]} e6 {[%emt 0:08:25]} 14. Nc3 {[%emt 0:00:58]} Ne5 {[%emt 0:03:41]} 15. b3 {[%emt 0:07:01]} Nc6 {[%emt 0:03:23]} 16. Rac1 {[%emt 0:06:31]} a6 {[%emt 0:11:17]} 17. Rfd1 {[%emt 0:02:49]} Rc8 {[%emt 0:04:44]} 18. Nxc6 {[%emt 0:14:34]} Rxc6 {[%emt 0:01:22]} 19. Bd4 {[%emt 0:03:06]} e5 {[%emt 0:01:41]} 20. Be3 {[%emt 0:01:14]} Qh4 {[%emt 0:05:06]} 21. Bg5 {[%emt 0:06:16]} Qh5 {[%emt 0:00:35]} 22. Ne2 {[%emt 0:04:45]} Bh6 {[%emt 0:04:18]} 23. Bxh6 {[%emt 0:00:46]} Qh4 {[%emt 0:00:29]} 24. Bg5 {[%emt 0:00:30]} Qh5 {[%emt 0:04:53]} 25. Ng3 {[%emt 0:00:10]} Qxg5 {[%emt 0:00:38]} 26. Qxg5 {[%emt 0:00:05]} f6 {[%emt 0:00:17]} 27. Qe3 {[%emt 0:02:52]} f5 {[%emt 0:00:37]} 28. exf5 {[%emt 0:00:26]} Bxf5 {[%emt 0:00:13]} 29. Nxf5 {[%emt 0:00:19]} Rxf5 {[%emt 0:00:10]} 30. Rd5 {[%emt 0:00:32]} Rf8 {[%emt 0:00:34]} 31. Rcd1 {[%emt 0:00:54]} Rf6 {[%emt 0:00:16]} 32. Qa7 {[%emt 0:03:00]} Rf7 {[%emt 0:00:45]} 33. Rxd6 {[%emt 0:00:57]} Rcc7 {[%emt 0:00:33]} 34. Qe3 {[%emt 0:01:14]} Rfe7 {[%emt 0:00:29]} 35. Qe4 {[%emt 0:02:00]} Kg7 {[%emt 0:00:29]} 36. R1d5 {[%emt 0:00:52]} Rc8 {[%emt 0:00:59]} 37. Rd7 {[%emt 0:00:18]} Rce8 {[%emt 0:00:43]} 38. Qxe5+ {[%emt 0:01:27]} Kg8 {[%emt 0:00:17]} 39. Rxe7 {[%emt 0:00:12]} Rxe7 {[%emt 0:00:07]} 40. Qxe7 {[%emt 0:00:06]} Kh8 {[%emt 0:00:07]} 41. Rd8# {[%emt 0:30:05] normal} 1-0

[Event "-chT Youth Countries 2019"]
[Site "Wuerzburg"]
[Date "2019.10.03"]
[Round "3.8"]
[White "Sens, Gerda"]
[Black "Richter, Johanna"]
[Result "1-0"]
[WhiteElo "1291"]
[BlackElo "942"]
[Annotator "NA"]
[PlyCount "101"]
[EventDate "2019.10.02"]
[EventType "team-tourn"]
[EventRounds "7"]
[EventCountry "GER"]
[SourceTitle "playchess.com"]
[Source "ChessBase"]
[SourceQuality "1"]
[WhiteTeam "Mecklenburg-Vorpommern"]
[BlackTeam "Rheinland-Pfalz"]
[TimeControl "40/5400+30:1800+30"]

1. e4 {[%emt 0:00:00]} d6 {[%emt 0:00:00]} 2. d4 {[%emt 0:00:00]} Nf6 {[%emt 0:00:00]} 3. Nc3 {[%emt 0:00:21]} g6 {[%emt 0:00:14]} 4. f3 {[%emt 0:00:23]} a6 {[%emt 0:00:17]} 5. Be3 {[%emt 0:00:14]} b5 {[%emt 0:00:19]} 6. Qd2 {[%emt 0:01:16]} Bb7 {[%emt 0:00:28]} 7. O-O-O {[%emt 0:00:36]} Nbd7 {[%emt 0:00:21]} 8. Nge2 {[%emt 0:01:19]} b4 {[%emt 0:01:43]} 9. Na4 {[%emt 0:01:22]} a5 {[%emt 0:00:59]} 10. b3 {[%emt 0:01:49]} Bc6 {[%emt 0:00:51]} 11. Nb2 {[%emt 0:00:42]} Qb8 {[%emt 0:01:37]} 12. a4 {[%emt 0:02:02]} bxa3 13. Nc4 Qb4 {[%emt 0:04:04]} 14. Qxb4 {[%emt 0:00:49]} axb4 {[%emt 0:00:05]} 15. Bd2 {[%emt 0:05:05]} a2 {[%emt 0:00:40]} 16. Kb2 {[%emt 0:00:18]} e5 {[%emt 0:02:00]} 17. Bxb4 {[%emt 0:01:05]} exd4 {[%emt 0:00:28]} 18. Nxd4 {[%emt 0:00:55]} Bb7 {[%emt 0:02:15]} 19. Na5 {[%emt 0:04:15]} c5 {[%emt 0:00:35]} 20. Nxb7 {[%emt 0:01:38]} cxb4 {[%emt 0:00:31]} 21. Bb5 {[%emt 0:01:49]} Ra7 {[%emt 0:00:42]} 22. Bc6 {[%emt 0:02:13]} Be7 {[%emt 0:02:29]} 23. Nb5 {[%emt 0:01:12]} Ra6 {[%emt 0:06:11]} 24. Nc7+ {[%emt 0:00:23]} Kf8 {[%emt 0:01:26]} 25. Nxa6 {[%emt 0:00:12]} Kg7 {[%emt 0:06:43]} 26. Nxb4 {[%emt 0:01:10]} Rc8 {[%emt 0:02:31]} 27. Nxd6 {[%emt 0:01:35]} Rb8 {[%emt 0:03:08]} 28. Nxa2 {[%emt 0:01:05]} Rb6 {[%emt 0:00:41]} 29. Bxd7 {[%emt 0:01:36]} Bxd6 {[%emt 0:00:27]} 30. Bh3 {[%emt 0:01:00]} Be5+ {[%emt 0:00:11]} 31. Nc3 {[%emt 0:01:12]} Rc6 {[%emt 0:00:48]} 32. Rd3 {[%emt 0:00:54]} Nh5 {[%emt 0:01:05]} 33. g3 {[%emt 0:00:28]} Nf6 {[%emt 0:03:17]} 34. Ra1 {[%emt 0:01:18]} Ne8 {[%emt 0:06:49]} 35. Bd7 {[%emt 0:00:24]} Bxc3+ {[%emt 0:00:38]} 36. Rxc3 {[%emt 0:00:29]} Rxc3 {[%emt 0:00:12]} 37. Kxc3 {[%emt 0:00:08]} Nc7 {[%emt 0:00:09]} 38. Ra7 {[%emt 0:00:31]} Nb5+ {[%emt 0:11:37]} 39. Bxb5 {[%emt 0:01:26]} Kf8 {[%emt 0:01:39]} 40. Bc6 {[%emt 0:04:21]} Kg7 {[%emt 0:01:27]} 41. b4 {[%emt 0:30:09]} Kh6 {[%emt 0:32:23]} 42. b5 {[%emt 0:00:09]} Kg7 {[%emt 0:01:42]} 43. b6 {[%emt 0:00:08]} Kh6 {[%emt 0:00:16]} 44. b7 {[%emt 0:00:08]} Kg7 {[%emt 0:02:43]} 45. b8=Q Kf6 46. Qf4+ {[%emt 0:01:27]} Kg7 {[%emt 0:03:47]} 47. Qxf7+ {[%emt 0:00:44]} Kh6 {[%emt 0:00:00]} 48. Qxh7+ {[%emt 0:00:16]} Kg5 {[%emt 0:02:36]} 49. h4+ {[%emt 0:00:15]} Kf6 {[%emt 0:00:48]} 50. Qf7+ {[%emt 0:01:00]} Ke5 {[%emt 0:00:53]} 51. Qe7# {normal Kd5} 1-0

[Event "-chT Youth Countries 2019"]
[Site "Wuerzburg"]
[Date "2019.10.04"]
[Round "4.1"]
[White "Lagunow, Raphael"]
[Black "Hoffmann, Sebastian"]
[Result "1/2-1/2"]
[WhiteElo "2438"]
[BlackElo "2187"]
[Annotator "TA"]
[PlyCount "90"]
[EventDate "2019.10.02"]
[EventType "team-tourn"]
[EventRounds "7"]
[EventCountry "GER"]
[SourceTitle "playchess.com"]
[Source "ChessBase"]
[SourceQuality "1"]
[WhiteTeam "Berlin"]
[BlackTeam "Bayern 2"]

{[%evp 10,90,67,60,66,61,61,62,66,60,68,36,38,31,35,35,34,29,46,6,14,0,30,22,31,31,65,39,50,0,20,18,21,27,115,101,128,128,138,128,128,122,123,125,131,124,112,0,0,0,0,0,0,0,0,0,0,-8,-8,-16,0,0,744,740,647,-157,-157,-776,-769,-769,-769,-769,-754,-769,-768,-768,-754,-746,-746,-677,0,0,0]} 1. e4 d5 2. exd5 Qxd5 3. Nc3 Qd8 4. d4 Nf6 5. Nf3 Bg4 6. h3 Bxf3 {B01: Scandinavian Defence} 7. Qxf3 c6 8. Be3 e6 {White is slightly better.} 9. Bd3 Nbd7 10. O-O Be7 11. a3 $146 ({Predecessor:} 11. Qg3 O-O 12. Ne2 b5 13. Bh6 Ne8 14. Bf4 {1-0 (25) Kosteniuk,A (2489)-Edouard,R (2666) Geneve 2013}) 11... a5 12. Qg3 g6 13. Ne2 O-O 14. c4 Nh5 15. Qh2 Qb8 (15... e5 $5) 16. g4 $36 {[%mdl 2048] White fights for an advantage.} Qxh2+ 17. Kxh2 Bd6+ 18. f4 Ng7 19. b4 axb4 20. c5 Be7 21. axb4 f5 {[#]} (21... Nf6 $11) 22. g5 $1 $16 b5 23. Nc3 Rfc8 24. Be2 Ne8 25. Bf3 {aiming for Rxa8.} Rxa1 26. Rxa1 {Strongly threatening Ra7.} Nb8 27. Ra8 Nc7 28. Bxc6 (28. Ra7 $16) 28... Nxa8 $11 29. Bxa8 Nc6 30. Bb7 Rc7 31. Bxc6 Rxc6 32. Nxb5 {[%mdl 4096] Endgame KRB-KBN} Ra6 33. d5 exd5 34. Nc7 Ra3 35. Nxd5 Rd3 $2 {[%mdl 8192]} (35... Kf7 $11) 36. Nxe7+ $18 Kf7 {[#]} 37. c6 $2 (37. Nc6 $1 $18 {[%cal Rc6e5] Ne5+ is the strong threat.} Rxe3 38. b5) 37... Kxe7 $17 {KR-KB} 38. Bc5+ $2 (38. Bb6 $17) 38... Kd8 $19 39. Bb6+ Kc8 40. Ba5 Rc3 41. c7 Rf3 42. Kg2 Rxf4 43. Kg3 Rc4 44. Kf3 Rxc7 $2 (44... Rc3+ $19 45. Kg2 Rb3) 45. Bxc7 $11 Kxc7 {Accuracy: White = 40%, Black = 67%.} 1/2-1/2

[Event "-chT Youth Countries 2019"]
[Site "Wuerzburg"]
[Date "2019.10.04"]
[Round "4.1"]
[White "Gschnitzer, Adrian"]
[Black "Wendler, David"]
[Result "*"]
[WhiteElo "2412"]
[BlackElo "2107"]
[Annotator "TA"]
[PlyCount "83"]
[EventDate "2019.10.02"]
[EventType "team-tourn"]
[EventRounds "7"]
[EventCountry "GER"]
[SourceTitle "playchess.com"]
[Source "ChessBase"]
[SourceQuality "1"]
[WhiteTeam "Baden 1"]
[BlackTeam "Team Süd"]

{[%evp 15,83,22,43,25,35,10,10,14,23,16,24,8,14,18,18,14,5,-46,10,16,10,25,18,21,17,16,16,-35,0,0,0,-14,-23,-97,-59,-73,-33,-42,-14,-12,-4,-54,0,0,0,0,0,0,0,0,0,0,87,81,73,66,73,0,15,0,61,46,69,0,0,8,194,184,171,138]} 1. e4 c6 2. d4 d5 3. e5 Bf5 4. Nf3 e6 5. Be2 c5 6. Be3 cxd4 7. Nxd4 Ne7 8. c4 Nbc6 9. Qa4 $1 {B12: Caro-Kann: Advance Variation} a6 10. Nc3 dxc4 {next ...b5 is good for Black.} 11. O-O-O {The position is equal.} ({Much weaker is} 11. Qxc4 Nxd4 12. Bxd4 Nc6 $15) 11... Qc8 (11... Qa5 12. Qxa5 Nxa5 13. Nxf5 Nxf5 14. Bb6 Nc6 15. f4 Rc8 16. Bxc4 Bb4 {1-0 (35) Sevian,S (2620)-Nisipeanu,L (2687) Tbilisi 2017}) 12. Nxf5 Nxf5 13. Bb6 Bb4 14. f4 O-O 15. Bf3 Nfe7 16. a3 $146 (16. g3 $11) ({Predecessor:} 16. Rhf1 Rb8 {½-½ (26) Mueller,K (2411)-Braun,A (2403) LSS email 2011}) 16... Ba5 ({Black should try} 16... Bxc3 $1 $15 17. bxc3 Nd5 $1 {[%mdl 512]} 18. Bxd5 exd5) 17. Bxa5 $11 {Threatens to win with Bb6.} b5 18. Qc2 Nxa5 19. Bxa8 Nb3+ 20. Kb1 Qxa8 21. g4 (21. Rd7 $11 Nd5 22. Nxd5 exd5 23. Rd1) 21... Nd5 22. Nxd5 exd5 23. f5 d4 24. f6 (24. Rhe1 $1 $11) 24... d3 $1 $17 {[%cal Rd3c2][%mdl 1024] Black has strong compensation.} 25. Qf2 Qe4 26. Rhe1 Qg6 {White must now prevent ...d2+.} 27. Ka2 d2 28. fxg7 Kxg7 ({Black should play} 28... Re8 $15 29. Re3 Qxg4) 29. Rxd2 $11 Nxd2 30. Qxd2 Qxg4 {[%mdl 4096] Endgame KQR-KQR} 31. Re3 Qe6 {aiming for ...c3+.} 32. Rg3+ Kh8 {Strongly threatening ...c3+.} 33. Qg5 {[%csl Gg3][%cal Rg5g7]} Qg6 {[#]} (33... c3+ $1 $11 {keeps the balance.} 34. Ka1 cxb2+ 35. Kxb2 Qg6) 34. Qe7 $1 $16 {[%mdl 512]} Qh6 {[#]} 35. Rh3 $1 {[%cal Rh3h6][%mdl 512]} Qg7 {[#]} (35... Qxh3 36. Qxf8#) 36. Rg3 (36. Rf3 $1 $16) 36... Qh6 $11 {[#]} 37. Rh3 $1 {[%mdl 512]} Qg7 (37... Qxh3 38. Qxf8#) 38. Rf3 $1 $36 {[%mdl 2048] White has good play.} a5 39. Qd6 (39. e6 $14 f5 40. Qc5) 39... Re8 40. Qd7 {[%mdl 64] Double Attack} Rf8 $2 (40... Rxe5 $11 {and Black is okay.} 41. Rxf7 Qg8) 41. Qxb5 $18 {[%mdl 64] Double Attack} Qg2 42. Qc6 {Accuracy: White = 57%, Black = 53%.} *

[Event "-chT Youth Countries 2019"]
[Site "Wuerzburg"]
[Date "2019.10.04"]
[Round "4.1"]
[White "Roseneck, Jonas"]
[Black "Herbrig, Alexander"]
[Result "1-0"]
[WhiteElo "2402"]
[BlackElo "2295"]
[Annotator "NA"]
[PlyCount "43"]
[EventDate "2019.10.02"]
[EventType "team-tourn"]
[EventRounds "7"]
[EventCountry "GER"]
[SourceTitle "playchess.com"]
[Source "ChessBase"]
[SourceQuality "1"]
[WhiteTeam "Sachsen-Anhalt"]
[BlackTeam "Sachsen"]
[TimeControl "40/5400+30:1800+30"]

1. e4 {[%emt 0:00:00]} c5 {[%emt 0:00:00]} 2. Nf3 {[%emt 0:00:00]} Nc6 {[%emt 0:00:00]} 3. d4 {[%emt 0:00:00]} cxd4 {[%emt 0:00:00]} 4. Nxd4 {[%emt 0:00:00]} g6 {[%emt 0:00:00]} 5. c4 {[%emt 0:00:00]} Nf6 {[%emt 0:00:01]} 6. Nc3 {[%emt 0:00:03]} Nxd4 {[%emt 0:00:03]} 7. Qxd4 {[%emt 0:00:07]} d6 {[%emt 0:00:06]} 8. f3 {[%emt 0:01:04]} Bg7 {[%emt 0:00:10]} 9. Be3 {[%emt 0:00:04]} O-O {[%emt 0:00:14]} 10. Qd2 {[%emt 0:00:05]} Bd7 {[%emt 0:04:25]} 11. Be2 {[%emt 0:04:06]} Bc6 {[%emt 0:00:15]} 12. h4 {[%emt 0:05:25]} Qa5 {[%emt 0:03:46]} 13. g4 {[%emt 0:13:07]} h5 {[%emt 0:04:22]} 14. gxh5 {[%emt 0:10:07]} Nxh5 {[%emt 0:01:05]} 15. Rg1 {[%emt 0:00:13]} e5 {[%emt 0:24:27]} 16. O-O-O {[%emt 0:12:31]} Rfc8 {[%emt 0:10:33]} 17. Kb1 {[%emt 0:12:38]} a6 {[%emt 0:08:31]} 18. Rg5 {[%emt 0:04:05]} b5 {[%emt 0:03:41]} 19. Rxh5 {[%emt 0:07:03]} gxh5 {[%emt 0:00:45]} 20. Bh6 {[%emt 0:00:27]} Bf6 {[%emt 0:03:42] normal} 21. Nd5 {[%emt 0:02:02]} Qd8 {[%emt 0:01:40]} 22. Rg1+ {[%emt 0:01:40] normal} 1-0

[Event "-chT Youth Countries 2019"]
[Site "Wuerzburg"]
[Date "2019.10.04"]
[Round "4.1"]
[White "Svane, Frederik"]
[Black "Nothnagel, Marian Can"]
[Result "1/2-1/2"]
[WhiteElo "2360"]
[BlackElo "2376"]
[Annotator "TA"]
[PlyCount "63"]
[EventDate "2019.10.02"]
[EventType "team-tourn"]
[EventRounds "7"]
[EventCountry "GER"]
[SourceTitle "playchess.com"]
[Source "ChessBase"]
[SourceQuality "1"]
[WhiteTeam "Schleswig-Holstein"]
[BlackTeam "Hessen"]

{[%evp 10,63,31,25,37,41,43,35,47,36,36,39,42,0,42,28,25,28,37,10,28,0,43,0,0,0,0,0,0,0,0,0,24,13,21,0,8,0,0,0,0,0,0,-10,-19,-118,0,0,0,0,233,194,195,0,270,275]} 1. e4 e5 2. Nf3 d6 3. d4 exd4 4. Nxd4 Nf6 5. Nc3 Be7 6. g3 Nc6 {C41: Philidor Defence} (6... O-O 7. Bg2 Re8 8. O-O Bf8 9. h3 Nc6 10. Re1 Bd7 11. Be3 Ne5 12. b3 h6 13. Qd2 c6 14. a4 Qc7 {0-1 (66) Amin,B (2710)-Kazhgaleyev,M (2587) St Petersburg 2018}) 7. Nde2 Ne5 {[%cal Re5f3]} 8. Bg2 O-O {White is slightly better.} 9. O-O c6 10. f4 Ng6 11. a4 Re8 (11... d5 $5) 12. h3 d5 $146 ({Predecessor:} 12... Qc7 13. Kh2 Bf8 {1-0 (44) Drljevic,L (2257)-Stojanovic,A (2235) Zlatibor 2007}) 13. e5 Nd7 14. Kh2 Bb4 15. Be3 Ngf8 {[%cal Bg6f8,Bf8d7,Bd7e5,Be5g4][%mdl 32]} 16. Bd4 f6 17. exf6 Nxf6 18. f5 Bd6 19. Kh1 N8d7 20. Nf4 Ne5 21. g4 h6 22. Qd2 Bd7 23. Rae1 Nfxg4 24. hxg4 {And now Bxe5 would win.} Qh4+ {[%mdl 64] Double Attack} 25. Nh3 {Bxe5 is the strong threat.} Nxg4 26. Rxe8+ Rxe8 27. Bg1 {[#]} (27. Ne2 $11) 27... Qg3 (27... Re5 $1 $17 28. Bxa7 Rxf5 29. Rxf5 Bxf5) 28. Ne2 $11 {[%cal Bc3e2,Be2d4,Bd4f3][%mdl 32]} Qe5 29. Nd4 c5 $2 {[#]} (29... Nf6 $11 30. Nf4 Bxf5) 30. Nf3 $1 $18 {[%cal Rf3e5]} Qg3 31. Re1 $2 (31. Qxd5+ $18 Kh8 32. Qxb7) 31... Rf8 $2 {[%mdl 8192]} (31... Rxe1 $11 32. Qxe1 d4) 32. Qxd5+ {[%mdl 32768] Accuracy: White = 47%, Black = 57%. . An unexpected result.} 1/2-1/2

[Event "-chT Youth Countries 2019"]
[Site "Wuerzburg"]
[Date "2019.10.04"]
[Round "4.1"]
[White "Polster, Christian"]
[Black "Browning, Alex"]
[Result "1-0"]
[WhiteElo "2279"]
[BlackElo "2291"]
[Annotator "NA"]
[PlyCount "96"]
[EventDate "2019.10.02"]
[EventType "team-tourn"]
[EventRounds "7"]
[EventCountry "GER"]
[SourceTitle "playchess.com"]
[Source "ChessBase"]
[SourceQuality "1"]
[WhiteTeam "Niedersachsen"]
[BlackTeam "Nordrhein-Westfalen"]
[TimeControl "40/5400+30:1800+30"]

1. e4 {[%emt 0:00:00]} c5 {[%emt 0:00:00]} 2. Nf3 {[%emt 0:00:00]} d6 {[%emt 0:00:00]} 3. d4 {[%emt 0:00:00]} cxd4 {[%emt 0:00:00]} 4. Nxd4 {[%emt 0:00:00]} Nf6 {[%emt 0:00:00]} 5. Nc3 {[%emt 0:00:00]} a6 {[%emt 0:00:00]} 6. Bg5 {[%emt 0:01:31]} e6 {[%emt 0:00:00]} 7. f4 {[%emt 0:06:33]} h6 {[%emt 0:00:02]} 8. Bh4 {[%emt 0:01:08]} Qb6 {[%emt 0:00:06]} 9. a3 {[%emt 0:00:24]} Be7 {[%emt 0:00:08]} 10. Bf2 {[%emt 0:00:38]} Qc7 {[%emt 0:00:04]} 11. Qf3 {[%emt 0:02:01]} Nbd7 {[%emt 0:01:07]} 12. O-O-O {[%emt 0:01:27]} b5 {[%emt 0:00:05]} 13. g4 {[%emt 0:02:18]} Bb7 {[%emt 0:00:29]} 14. Bg2 {[%emt 0:12:16]} Nc5 {[%emt 0:06:18]} 15. Rhe1 {[%emt 0:10:41]} O-O {[%emt 0:16:38]} 16. Qh3 {[%emt 0:23:00]} d5 {[%emt 0:05:34]} 17. exd5 {[%emt 0:13:11]} Qxf4+ {[%emt 0:07:52]} 18. Kb1 {[%emt 0:02:16]} Qxg4 {[%emt 0:05:17]} 19. Nf5 {[%emt 0:06:58]} Qxf5 {[%emt 0:21:37]} 20. Qxf5 {[%emt 0:01:17]} exf5 {[%emt 0:00:01]} 21. Rxe7 {[%emt 0:00:31]} Ncd7 {[%emt 0:01:40]} 22. Bh3 {[%emt 0:07:11]} g6 {[%emt 0:15:22]} 23. Bd4 {[%emt 0:01:29]} Rab8 {[%emt 0:02:14]} 24. Bxf5 {[%emt 0:01:15]} Rfd8 {[%emt 0:05:23]} 25. Bxd7 {[%emt 0:00:58]} Nxd7 {[%emt 0:00:11]} 26. Rf1 {[%emt 0:00:07]} f6 {[%emt 0:02:58]} 27. Bxf6 {[%emt 0:04:17]} Nxf6 {[%emt 0:00:12]} 28. Rxf6 {[%emt 0:00:07]} Bxd5 {[%emt 0:00:06]} 29. Rxg6+ {[%emt 0:00:27]} Kf8 {[%emt 0:00:04]} 30. Rh7 {[%emt 0:02:03]} Bg8 {[%emt 0:01:01]} 31. Rf6+ {[%emt 0:00:31]} Ke8 {[%emt 0:00:05]} 32. Rg7 {[%emt 0:00:18]} Bd5 {[%emt 0:00:46]} 33. Rxh6 {[%emt 0:00:17]} Kf8 {[%emt 0:00:09]} 34. Rc7 {[%emt 0:00:50]} Kg8 {[%emt 0:00:29]} 35. Rxa6 {[%emt 0:00:23]} Bf7 {[%emt 0:00:11]} 36. b3 {[%emt 0:00:39]} b4 {[%emt 0:00:16]} 37. axb4 {[%emt 0:00:38]} Rxb4 {[%emt 0:00:24]} 38. Ra4 {[%emt 0:00:33]} Rb6 {[%emt 0:00:45]} 39. Kb2 {[%emt 0:00:34]} Rd2 {[%emt 0:00:43]} 40. Ra8+ {[%emt 0:00:36]} Kg7 {[%emt 0:00:05]} 41. Raa7 {[%emt 0:08:32]} Rf2 {[%emt 0:01:16]} 42. Rab7 {[%emt 0:01:22]} Rxb7 {[%emt 0:00:40]} 43. Rxb7 {[%emt 0:00:05]} Rxh2 {[%emt 0:00:04]} 44. Nb5 {[%emt 0:05:19]} Kf6 {[%emt 0:00:31]} 45. Nd4 {[%emt 0:00:35]} Bd5 {[%emt 0:00:51]} 46. Rb5 {[%emt 0:00:43]} Be4 {[%emt 0:00:15]} 47. b4 {[%emt 0:00:52]} Rh3 {[%emt 0:02:15]} 48. Rc5 {[%emt 0:01:32]} Bh1 {[%emt 0:00:56] normal} 1-0